2020 Democratic Presidential Election by Photos - Statistics

General Stats
  • This quiz has been taken 44 times
    30 since last reset
  • The average score is 10 of 15
Answer Stats
Picture Answer % Correct
Joe Biden
100%
Kamala Harris
96%
Bernie Sanders
93%
Elizabeth Warren
89%
Pete Buttigieg
89%
Amy Klobuchar
71%
Tulsi Gabbard
71%
Andrew Yang
68%
Cory Booker
68%
Michael Bloomberg
68%
Beto O'Rourke
61%
Michael Bennet
32%
Tom Steyer
29%
John Delaney
18%
Bill de Blasio
14%
No matching quizzes found
Score Distribution
Percent of People with Each Score
Percentile by Number Answered
Your Score History
You have not taken this quiz since the last reset